Statistiques concernant Les films avec Léonardo Dicaprio

Cliquez ici pour prendre le quiz!

Statistiques générales

  • Ce quiz a été pris 729 fois
  • Le résultat moyen est 11 sur 25

Statistiques - réponses

RôlesFilms% Correct
Un jeune artiste embarqué sur un paquebot qui finira par coulerTitanic
96%
Un courtier en bourse aux méthodes douteusesLe Loup de Wall Street
87%
Un détective à la double personnalité qui enquête sur une île bien étrangeShutter Island
83%
Un esclavagiste qui possède une exploitation de cotonDjango Unchained
75%
Un extracteur de rêve hanté par le souvenir de sa femme suicidéeInception
71%
Un trappeur qui chasse un original et qui tente de survivre dans la forêtThe Revenant
68%
Un magnat des affaires qui organise des fêtes somptueusesGatsby le magnifique
62%
Un jeune escroc et usurpateur d'identité qui fait courir un vieux flicArrête-moi si tu peux
57%
Une star de série américaine qui essaye de relancer sa carrière à la fin des années 60Once Upon a Time in Hollywood
53%
Un scientifique spécialisé en astronomie qui alerte sur une météorite qui va s'écraser sur la TerreDon't Look Up
52%
Un héros Shakespearien des temps modernesRoméo + Juliette
51%
Un riche homme d'affaires passionné d'aviation et qui souffre de TOCAviator
47%
Un jeune américain parti en Thaïlande en quête de sensations fortesLa Plage
45%
Ex-militaire devenu mercenaire et trafiquant de pierres précieusesBlood Diamond
40%
Agent qui va faire de la prison pour rendre son histoire crédibleLes infiltrés
38%
Un petit frère souffrant de troubles mentaux et dont le grand frère s'occupeGilbert Grape
28%
Le Roi Louis XIVL'Homme au masque de fer
28%
Un mari aimant mais qui se retrouve enfermé dans cette vie moroseLes Noces rebelles
25%
Un jeune irlandais avec un prénom de ville qui va se lier d'amitié avec Bill le Boucher Gang of New-York
24%
Le patron en personne du FBIJ Edgar
23%
Un peintre Français amoureux de VerlaineRimbaud Verlaine
19%
Un ancien journaliste devenu agent qui doit composer avec Al-QaïdaMensonges d'Etat
14%
Un jeune fils qui traverse les USA avec sa mère avant que celle-ci lui trouve un beau-père tyranniqueBlessures secrètes
10%
Un fils qui a été en hôpital psychiatrique pour avoir mis le feu à sa maisonSimples Secrets
6%
Un jeune passionné par le Basket mais qui va tomber dans la drogueBasketball Diairies
4%

Distribution des résultats

Percentile par nombre de réponses

% des personnes avec chaque résultat

Votre développement - résultats

Vous n’avez pas pris ce quiz